Groupes de rap par images - Statistiques

Statistiques générales
  • Ce quiz a été pris 116 fois
  • Le résultat moyen est 10 sur 18
Statistiques - réponses
Par images Réponse % Correct
Bigflo et Oli
95%
PNL
94%
IAM
86%
NTM
83%
Sexion d'assaut
81%
Djadja et Dinaz
78%
Lunatic
61%
Team BS
56%
113
53%
Casseurs Flowters
53%
S-Crew
53%
Columbine
51%
Caballero et Jean Jass
49%
Arsenik
34%
L2B
23%
DTF
22%
Fonky Family
22%
N'Seven 7
3%
Aucun quiz correspondant
Distribution des résultats
% des personnes avec chaque résultat
Percentile par nombre de réponses
Votre historique - résultats
Vous n’avez pas pris ce quiz